000 00281nam a22001337a 4500
008 171102b xxu||||| |||| 00| 0 eng d
020 _a9780801312410
041 _aeng
080 _a33
100 _a59
101 _aKAP
245 _aECONOMICS
_cSCHWARTZ, E.L
942 _2udc
_cBK
999 _c37165
_d37165